| 000 | 00625nam a2200169Ia 4500 | ||
|---|---|---|---|
| 008 | 190805s9999||||xx |||||||||||||| ||und|| | ||
| 020 |
_a9780851745329 _c£ 40.00 |
||
| 082 | 0 | 4 |
_a623.89 _bSi581 V.1 |
| 100 | 1 | _aSimpson, Alexander | |
| 245 | 1 | 0 |
_aNear Coastal Navigation : for certification as navigational watchkeeper on vessels engaged on near coastal voyages / _cAlexander Simpson |
| 260 |
_aGlasgow : _bBrown, Son & Ferguson Ltd, _c1991 |
||
| 300 |
_avii, 232 p. _b : ill. _c; 22 cm. |
||
| 490 | 0 | 0 |
_aNavigation Guide ; _vVol. 1 |
| 650 | 0 |
_aNavigation _xHandbooks, manuals, etc. |
|
| 942 | _cBK | ||
| 999 |
_c247 _d247 |
||